[Event "Ch Pan-American (juniors) (under 18)"]
[Site "masterchessopen.com South America"]
[Date "2006.08.04"]
[Round "2"]
[White "Gomez Carlos (ARG)"]
[Black "Quijano Christian (ECU)"]
[Result "1-0"]
[WhiteElo "2197"]
[BlackElo "2039"]

1.d4 Nf6 2.c4 e6 3.Nc3 Bb4 4.e3 O-O 5.Ne2 c5 6.a3 Bxc3+ 7.Nxc3 cxd4 8.exd4 d5
9.cxd5 Nxd5 10.Bd3 Nxc3 11.bxc3 Qf6 12.O-O Bd7 13.Qh5 g6 14.Qh6 Rc8 15.Bg5 Qg7
16.Qh4 f5 17.c4 Nc6 18.d5 Na5 19.Bf6 Qf7 20.Bc3 Nb3 21.Rab1 Nc5 22.Qd4 Kf8
23.Bb4 b6 24.Rfe1 Kg8 25.Bc3 Kf8 26.Re3 Re8 27.Rbe1 Rac8 28.h4 exd5 29.Qh8+
Qg8 30.Qf6+ Qf7 31.Qd6+ Kg8 32.Re7 Ne4 33.R1xe4 {#r} 1-0

[Event "Ch Pan-American (juniors) (under 18)"]
[Site "masterchessopen.com South America"]
[Date "2006.08.05"]
[Round "5"]
[White "Gomez Carlos (ARG)"]
[Black "Garcia Jhoel (PER)"]
[Result "0-1"]
[WhiteElo "2197"]
[BlackElo "2257"]

1.d4 Nf6 2.c4 e6 3.Nc3 Bb4 4.e3 O-O 5.Ne2 d5 6.a3 Be7 7.cxd5 exd5 8.Nf4 c6
9.Bd3 a5 10.O-O Na6 11.Bc2 Nc7 12.Rb1 Ne6 13.Nd3 g6 14.b4 axb4 15.axb4 b5
16.Ne5 Qc7 17.f4 Ng7 18.g4 Nd7 19.g5 f6 20.Nxc6 Qxc6 21.Nxd5 Bd8 22.Be4 Qa6
23.Qb3 Kh8 24.gxf6 Bxf6 25.Nxf6 Nxf6 26.Bxa8 Qxa8 27.d5 Bf5 28.Rb2 Be4 29.Rd2
Qc8 {#R} 0-1

[Event "Memorial G.Staunton (cat.11)"]
[Site "masterchessopen.com London/Crowthorne (England)"]
[Date "2006.08.14"]
[Round "1"]
[White "Bosboom-Lanchava Tea (NED)"]
[Black "Wells Peter K (ENG)"]
[Result "1-0"]
[WhiteElo "2393"]
[BlackElo "2486"]

1.d4 Nf6 2.c4 e6 3.Nc3 Bb4 4.e3 O-O 5.Ne2 Re8 6.a3 Bf8 7.g3 d5 8.cxd5 exd5
9.Bg2 c6 10.Nf4 g6 11.O-O h5 12.Re1 Bg7 13.h4 Bf5 14.f3 Na6 15.Qb3 Re7 16.Bd2
Ne8 17.Kh1 Nd6 18.e4 Bd7 19.Be3 Kh7 20.exd5 Rxe3 21.Rxe3 Nf5 22.dxc6 Nxe3
23.cxd7 Nxg2 24.Ne4 Nxf4 25.Ng5+ Kg8 26.Qxf7+ Kh8 27.gxf4 Qf6 28.Qe8+ {#r} 1-0

[Event "Ch France (w)"]
[Site "masterchessopen.com Besancon (France)"]
[Date "2006.08.16"]
[Round "3"]
[White "Flear Christine (FRA)"]
[Black "Leconte Maria (FRA)"]
[Result "0-1"]
[WhiteElo "2190"]
[BlackElo "2350"]

1.d4 Nf6 2.c4 e6 3.Nc3 Bb4 4.e3 O-O 5.Ne2 Re8 6.a3 Bf8 7.e4 d5 8.e5 Nfd7
9.cxd5 exd5 10.g3 c5 11.Bg2 cxd4 12.Nxd5 Nxe5 13.Qxd4 Nbc6 14.Qc3 Bg4 15.Ne3
Bxe2 16.Kxe2 Nd4+ 17.Kf1 Rc8 18.Qe1 Nb3 19.Rb1 Qd3+ {#R} 0-1

[Event "It (open)"]
[Site "masterchessopen.com Port Erin (England)"]
[Date "2006.09.27"]
[Round "5"]
[White "De Lagontrie Jean (FRA)"]
[Black "Collier David (ENG)"]
[Result "0-1"]
[WhiteElo "1960"]
[BlackElo "2175"]

1.d4 Nf6 2.c4 e6 3.Nc3 Bb4 4.e3 O-O 5.Ne2 b6 6.a3 Bxc3+ 7.Nxc3 Bb7 8.d5 d6
9.e4 c6 10.Be2 cxd5 11.cxd5 exd5 12.exd5 Re8 13.O-O Nbd7 14.Bf4 Ne5 15.Bb5
Nfd7 16.Re1 a6 17.Ba4 b5 18.Bc2 Nf6 19.h3 h6 20.Re3 Qd7 21.Qd4 Rac8 22.Bb3 Qf5
23.Rae1 Nd3 24.Rxe8+ Nxe8 25.Re7 Nxf4 26.Rxb7 Rxc3 27.Bd1 Rd3 28.Qa7 Rxd1+
29.Kh2 Nxd5 {#R} 0-1

[Event "Ch Vietnam (masters)"]
[Site "masterchessopen.com Quang Ninh (Vietnam)"]
[Round "5"]
[White "Nguyen Anh Dung (VIE)"]
[Black "Tran Thanh Tu (VIE)"]
[Result "1-0"]
[WhiteElo "2541"]
[BlackElo "2282"]

1.d4 Nf6 2.c4 e6 3.Nc3 Bb4 4.e3 O-O 5.Ne2 d5 6.a3 Be7 7.Nf4 dxc4 8.Bxc4 c5
9.O-O Nc6 10.dxc5 Bxc5 11.Qe2 a6 12.b4 Ba7 13.Bb2 Bb8 14.Rac1 b5 15.Bd3 Nd4
16.Qd1 Bb7 17.Bb1 Bxf4 18.exf4 Rc8 19.Qd3 Rc4 20.f3 Qb8 21.Ne4 Nxe4 22.Rxc4
bxc4 23.Qxd4 e5 24.Qb6 Nd2 25.Bxe5 Qc8 26.Bxg7 Nxf3+ 27.Rxf3 Bxf3 28.Qh6 {#r}
1-0

[Event "Bundesliga 2006/07"]
[Site "masterchessopen.com Austria"]
[Date "2006.11.04"]
[Round "2"]
[White "Schweda Roland (AUT)"]
[Black "Lenz Alarich (AUT)"]
[Result "1-0"]
[WhiteElo "2451"]
[BlackElo "2185"]

1.d4 Nf6 2.c4 e6 3.Nc3 Bb4 4.e3 O-O 5.Ne2 Re8 6.a3 Bf8 7.d5 exd5 8.cxd5 d6
9.g3 c5 10.Bg2 a6 11.O-O Nbd7 12.b4 b6 13.Rb1 g6 14.a4 Bg7 15.h3 cxb4 16.Rxb4
Qc7 17.Ba3 Nc5 18.Nd4 Bb7 19.Qb1 Nfd7 20.Rc1 Qd8 21.Nc6 Qc8 22.Ne4 Nxe4
23.Ne7+ Rxe7 24.Rxc8+ Rxc8 25.Rxe4 Rxe4 26.Qxe4 Nf6 27.Qe7 Bxd5 28.Bxd5 Nxd5
29.Qb7 Rc3 30.Qb8+ {#r} 1-0

[Event "It (open)"]
[Site "masterchessopen.com Bad Wiessee (Germany)"]
[Date "2006.11.07"]
[Round "4"]
[White "Georgiev Vladimir (MKD)"]
[Black "Lentrodt Thomas (GER)"]
[Result "1-0"]
[WhiteElo "2532"]
[BlackElo "2320"]

1.d4 Nf6 2.c4 e6 3.Nc3 Bb4 4.e3 O-O 5.Ne2 d5 6.a3 Be7 7.cxd5 exd5 8.g3 c6
9.Bg2 Re8 10.O-O Bf5 11.f3 Bf8 12.g4 Bc8 13.Ng3 Kh8 14.g5 Ng8 15.e4 Be6 16.f4
dxe4 17.Bxe4 g6 18.f5 Bc4 19.Rf2 Ne7 20.Bf4 Nd5 21.Be5+ Kg8 22.fxg6 fxg6
23.Bxd5+ Bxd5 24.Nge4 Nd7 25.Nxd5 cxd5 26.Nf6+ Nxf6 27.gxf6 Kf7 28.Rc1 Bd6
29.Qb3 {#r} 1-0

[Event "Ch Asia (juniors) (under 20)"]
[Site "masterchessopen.com Delhi (India)"]
[Date "2006.11.10"]
[Round "5"]
[White "Swayams Mishra (IND)"]
[Black "Ashwath R (IND)"]
[Result "1-0"]
[WhiteElo "2150"]
[BlackElo "2253"]

1.d4 Nf6 2.c4 e6 3.Nc3 Bb4 4.e3 O-O 5.Ne2 d5 6.a3 Bd6 7.Ng3 c5 8.Bd3 Nc6
9.cxd5 exd5 10.dxc5 Bxc5 11.O-O d4 12.exd4 Nxd4 13.Bg5 Be6 14.Bxf6 Qxf6 15.Qh5
Qh6 16.Qxc5 Nb3 17.Qb4 Nxa1 18.Rxa1 b6 19.h3 Rad8 20.Be4 Qf6 21.Nce2 Rd7
22.Bxh7+ Kxh7 23.Qxf8 a5 24.Qe8 Qxb2 {#r} 1-0

[Event "Ch Commonwealth"]
[Site "masterchessopen.com Mumbai (India)"]
[Date "2006.11.22"]
[Round "3"]
[White "Praveen Kumar C (IND)"]
[Black "Ramesh R B (IND)"]
[Result "1-0"]
[WhiteElo "2326"]
[BlackElo "2491"]

1.d4 Nf6 2.c4 e6 3.Nc3 Bb4 4.e3 O-O 5.Ne2 d5 6.a3 Be7 7.cxd5 exd5 8.Nf4 a5
9.Bd3 c6 10.O-O Re8 11.Qc2 Nbd7 12.Rb1 Bd6 13.h3 Bxf4 14.exf4 b6 15.b4 axb4
16.axb4 c5 17.bxc5 bxc5 18.dxc5 Nxc5 19.Bb5 Rf8 20.Rd1 Qd6 21.Be3 Bd7 22.Nxd5
{#r} 1-0

[Event "Ch Commonwealth"]
[Site "masterchessopen.com Mumbai (India)"]
[Date "2006.11.24"]
[Round "5"]
[White "Praveen Kumar C (IND)"]
[Black "Venkatesh M R (IND)"]
[Result "0-1"]
[WhiteElo "2326"]
[BlackElo "2466"]

1.d4 Nf6 2.c4 e6 3.Nc3 Bb4 4.e3 O-O 5.Ne2 d5 6.a3 Be7 7.cxd5 Nxd5 8.Nxd5 exd5
9.g3 Nd7 10.Bg2 Nf6 11.O-O Re8 12.b3 c6 13.Nf4 Bd6 14.Nd3 Bf5 15.f3 Qc7 16.Ra2
h5 17.Kh1 Re7 18.Re2 Rae8 19.Nf2 Bxg3 20.hxg3 Qxg3 21.Qe1 h4 22.Ne4 dxe4 {#R}
0-1

[Event "Ch Slovakia (team) 2006/07 (2 liga) (a)"]
[Site "masterchessopen.com Slovakia"]
[Date "2006.11.26"]
[Round "4"]
[White "Kostelny Jozef (SVK)"]
[Black "Luptak Pavol (SVK)"]
[Result "1-0"]
[WhiteElo "2157"]
[BlackElo "2074"]

1.d4 Nf6 2.c4 e6 3.Nc3 Bb4 4.e3 O-O 5.Ne2 Ne4 6.Qc2 d5 7.f3 Nxc3 8.bxc3 Be7
9.Nf4 b6 10.Bd3 h6 11.cxd5 exd5 12.e4 Bb7 13.O-O c5 14.e5 Nc6 15.e6 cxd4
16.exf7+ Rxf7 17.Bh7+ Kh8 18.Ng6+ Kxh7 19.Nf8+ {#r} 1-0

[Event "Ch Belarus"]
[Site "masterchessopen.com Minsk (Belarus)"]
[Date "2007.01.18"]
[Round "9"]
[White "Aleksandrov Aleksej (BLR)"]
[Black "Lomako Pavel (BLR)"]
[Result "1-0"]
[WhiteElo "2614"]
[BlackElo "2397"]

1.d4 Nf6 2.c4 e6 3.Nc3 Bb4 4.e3 O-O 5.Ne2 c5 6.a3 cxd4 7.axb4 dxc3 8.Nxc3 d5
9.cxd5 Nxd5 10.Nxd5 Qxd5 11.Qxd5 exd5 12.Be2 Bf5 13.O-O Nc6 14.b5 Ne5 15.Rd1
Rfd8 16.Kf1 Bc2 17.Rd4 Nc4 18.Bf3 Nb6 19.Bd2 a6 20.bxa6 bxa6 21.Ke1 h6 22.Bc3
Be4 23.Be2 Rd7 24.g4 f6 25.h4 Nc8 26.f3 Bg6 27.Rxa6 Rxa6 28.Bxa6 Ne7 29.h5 Bf7
30.Rb4 Nc6 31.Rb6 Ne5 32.Rb8+ Kh7 33.Be2 g5 34.Rb6 {#r} 1-0

[Event "Ch Germany"]
[Site "masterchessopen.com Bad Koenigshofen (Germany)"]
[Date "2007.01.27"]
[Round "9"]
[White "Prusikin Michael (GER)"]
[Black "Naiditsch Arkadij (GER)"]
[Result "0-1"]
[WhiteElo "2564"]
[BlackElo "2647"]

{ Prusikin Michael (GER) +0 =1 -0 Naiditsch Arkadij (GER) +2 =0 -0 } 1.d4 Nf6
2.c4 e6 3.Nc3 Bb4 4.e3 O-O 5.Ne2 d5 6.a3 Be7 ( 6...Bd6 7.cxd5 exd5 8.Ng3 c5
9.Nb5 Be7 10.dxc5 Bxc5 11.b4 Bb6 12.Bb2 Nc6 13.Be2 Re8 14.O-O Ne5 15.Rc1 a6
16.Nd4 Bg4 17.Ndf5 Bxf5 18.Nxf5 Qd7 19.Bd3 Rad8 20.Bc2 Ne4 21.g4 Qe6 22.Qe2
Nf6 23.h3 Nc4 24.Ba1 Bc7 25.Bd4 Be5 26.Bd3 { ...0-1, Shirazi Kamran 2438 -
Naiditsch Arkadij 2585 , Bad Zwesten 2002 It (open) } ) 7.cxd5 exd5 8.Nf4 { =
} 8...a5 ( 8...c6 9.Bd3 Re8 10.O-O Nbd7 11.b4 Bd6 12.Nfe2 Ne4 13.Bxe4 dxe4
14.Ng3 Qh4 15.d5 Be5 16.Bb2 Nf6 17.Qd2 Rd8 18.Nce2 Rxd5 19.Qc2 Ng4 20.h3 Nxe3
21.fxe3 Bxg3 22.Nxg3 Qxg3 23.Qf2 Qg6 24.Kh1 b6 25.Rfd1 Rd3 26.a4 Qd6 27.Rxd3
exd3 28.Qd2 { ...0-1, Magnusson Gunnar 2110 - Ehlvest Jaan 2631 , Reykjavik
20.11.2004 Ch Iceland (team) 2004/05 } ) 9.Bd3 c6 10.O-O Na6 ( 10...Bd6 11.f3
Bxf4 12.exf4 Ne8 13.Be3 Nd6 14.Qc2 g6 15.g4 f5 16.g5 b6 17.Nd1 Re8 18.Re1 Bb7
19.Nf2 Nd7 20.Bd2 c5 21.Rxe8+ Qxe8 22.Re1 Qf7 23.Bc3 c4 24.Bf1 Re8 25.Qd2 Rxe1
26.Qxe1 Qe8 27.Qd2 Qe7 28.Nd1 Nf8 29.Kf2 Bc6 30.Be2 { ...0-1, Ghitescu Theodor
2384 - Shamkovich Leonid 2342 , URS 1969 } ) ( 10...Re8 11.Bd2 Bd6 12.Qf3 Bg4
13.Qg3 Qc8 14.f3 Bf5 15.Be2 Nbd7 16.Qf2 h6 17.g4 Bh7 18.Rac1 Qd8 19.Kg2 Nb6
20.h4 Nfd7 21.Rh1 f5 22.gxf5 Bxf5 23.Nh5 Bg6 24.f4 Nc4 25.Bxc4 dxc4 26.Ng3 Nf6
27.Qf3 Qb6 28.f5 Qxb2 29.Qe2 Bf7 30.Rb1 { ...0-1, Garcia Roman Daniel 2436 -
Komljenovic Davor 2465 , Mislata 25. 8.2005 It (open) } ) 11.f3 ( 11.Rb1 Nc7
12.b4 axb4 13.axb4 Ne6 14.Nfe2 Bd6 15.f3 Qc7 16.h3 Qe7 17.Bd2 Ng5 18.Qe1 Bc7
19.e4 dxe4 20.fxe4 Ngxe4 21.Nxe4 Nxe4 22.Nc3 f5 23.Nxe4 fxe4 24.Bc4+ Kh8
25.Qxe4 Bd6 26.Rxf8+ Qxf8 27.Rf1 Qe7 28.Qxe7 Bxe7 29.Re1 { 1-0, Polugaevsky
Lev A 2585 - Herink Miroslav, Marianske Lazne 1959 It } ) ( 11.b3 Nc7 12.Ra2
Ne6 13.Nxe6 Bxe6 14.f3 c5 15.Nb5 Qb6 16.a4 cxd4 17.Nxd4 Rac8 18.Re2 Bb4 19.Bb2
Bc3 20.Bxc3 Rxc3 21.Rc2 Rxc2 22.Qxc2 Rc8 23.Qd2 Qb4 24.Qxb4 axb4 25.Kf2 Rc3
26.Ke2 Nd7 27.Kd2 Ne5 28.Bb5 Bd7 29.Rc1 Rxc1 30.Kxc1 Bxb5 { ...1-0, Granda
Zuniga Julio E 2605 - Pogorelov Ruslan 2450 , Benasque 1998 It (open) } )
11...Nc7 { -0.11 CAP } 12.Kh1 { N } ( 12.Bc2 c5 13.Na4 ( 13.Kh1 Ne6 14.Nxe6
Bxe6 15.dxc5 Bxc5 16.Nb5 Bd7 17.Nd4 Re8 18.Qd3 Rc8 19.Nb3 Bb6 20.Bd2 g6 21.Bc3
Rxe3 22.Qd2 Nh5 23.Nd4 Rexc3 24.bxc3 Qh4 25.Ne2 Re8 26.Be4 Bc7 27.g3 Bxg3 {
0-1, Bekker-Jensen David 2320 - Schandorff Lars 2520 , Copenhagen 2000 It
(open) "Politiken Cup" } ) 13...cxd4 14.exd4 Nb5 15.Qd3 Na7 16.Nc3 g6 17.Bb3
Bf5 18.Qd1 Bd6 19.Re1 Nc6 20.Nb5 Bb8 21.Kh1 Qb6 22.Ba4 Bd7 23.Rb1 Ne7 24.Nc3
Bxa4 25.Qxa4 Nf5 26.Nb5 Rd8 27.Bd2 Nd6 28.Nxd6 Bxd6 29.Nd3 Kg7 30.Rbc1 h6
31.Bc3 Ng8 { ...1-0, Kuzmin Gennadi P 2496 - Korchnoi Viktor 2608 , Sochi 1970
Match "Grandmasters-masters" } ) ( 12.Qe1 c5 ( 12...Ne6 13.Nxe6 Bxe6 14.Bd2
Re8 15.Qf2 Qd7 16.Na4 Qc7 17.Rac1 h6 18.Rc2 Nd7 19.Rfc1 Bd6 20.g4 Qd8 21.h4
Qf6 22.Nc5 Nxc5 23.dxc5 Be7 24.Be1 Bd8 25.Qg3 Bd7 26.Bf2 Rc8 27.f4 Bc7 28.Re1
g6 29.g5 hxg5 30.hxg5 Qe6 31.Kg2 Qg4 { ...1-0, Kretschmar Heinz - Hesse
Gunter, DDR 1984 corr. } ) 13.Qf2 Ne6 14.Nfe2 Bd7 15.g4 Qb6 16.h4 Bc6 17.g5
Ne8 18.Rb1 a4 19.Bc2 Qa7 20.Rd1 Nd6 21.e4 cxd4 22.Nxd5 Bd8 23.Kg2 Rc8 24.Bd3
f5 25.gxf6 Bxf6 26.Bd2 Nc5 27.Nxf6+ Rxf6 28.Qxd4 Rcf8 29.Bf4 Nb5 30.Bc4+ Kh8
31.Qe3 b6 { ...1/2-1/2, Polugaevsky Lev A 2585 - Tal Mikhail N 2520 , Riga
1958 Ch URS } ) 12...Ne6 13.Nce2 c5 14.b3 b6 15.Bb2 Nxf4 16.Nxf4 Bb7 17.a4 Bd6
18.Bb5 Qe7 19.Re1 Rfd8 20.Qd3 Ne8 21.Qc3 Qg5 22.Rac1 Qh6 23.Qd2 Nc7 24.Bf1 Ne6
25.g3 cxd4 26.Nxe6 fxe6 27.Qxd4 Bxg3 28.Re2 Bd6 29.Rg2 Rd7 30.Bb5 Rf7 { ? } (
30...Bc5 31.Qe5 Bd6 32.Qd4 Bc5 33.Qe5 Bd6 34.Qd4 Bc5 35.Qe5 Bd6 36.Qd4 Bc5
37.Qe5 Bd6 { } ) 31.Rcg1 { ? } ( 31.Qxb6 d4 32.Qxd6 Qxe3 33.Be2 Rxf3 34.Bxf3
Qxf3 35.Rg1 Qxb3 36.Qxd4 Bxg2+ 37.Rxg2 e5 38.Qg4 { } ) 31...e5 32.Qxb6 Kh8 { ?
} ( 32...Qf6 33.f4 d4 34.Bc4 Bxg2+ 35.Rxg2 Rf8 36.Qc6 Rd8 37.Bxf7+ { } )
33.Rxg7 Rxg7 34.Rxg7 { ?? } ( 34.Bxe5 Bxe5 35.Qxh6 d4 36.e4 Rc7 37.Bc4 Bg7
38.Qd6 Rac8 39.Qb6 Ba8 { } ) 34...Qxg7 35.Qxd6 d4 { } {#R} 0-1

[Event "It (open)"]
[Site "masterchessopen.com Belgrade (Yugoslavia)"]
[Date "2007.01.27"]
[Round "4"]
[White "Ivanovic Nikola (SRB)"]
[Black "Kosovac Milan (SRB)"]
[Result "1-0"]
[WhiteElo "2217"]
[BlackElo "2035"]

1.d4 Nf6 2.c4 e6 3.Nc3 Bb4 4.e3 O-O 5.Ne2 b6 6.a3 Bxc3+ 7.Nxc3 d5 8.cxd5 exd5
9.Be2 Bf5 10.O-O Re8 11.b4 a5 12.Bd2 c6 13.Qb3 Nbd7 14.b5 c5 15.Nxd5 cxd4
16.Nxf6+ Qxf6 17.Bf3 Rad8 18.exd4 Qxd4 19.Be3 Qf6 20.Rac1 Be4 21.Bxe4 Rxe4
22.Rfd1 Nf8 23.Rxd8 Qxd8 24.h3 Re6 25.Rc6 Qb8 26.Qc3 Qe5 27.Qxe5 Rxe5 28.Rxb6
a4 29.Rb8 f6 30.b6 Kf7 31.Ra8 Rb5 32.Rxa4 Nd7 33.Rb4 {#r} 1-0

[Event "Ch Slovakia (team) 2006/07 (2 liga) (b)"]
[Site "masterchessopen.com Slovakia"]
[Date "2007.02.04"]
[Round "9"]
[White "Dolnik Attila (SVK)"]
[Black "Bojda Lubomir (SVK)"]
[Result "1-0"]
[WhiteElo "2180"]
[BlackElo "2191"]

1.c4 e6 2.Nc3 Nf6 3.d4 Bb4 4.e3 O-O 5.Qc2 b6 6.Nf3 Bb7 7.Bd3 d5 8.a3 Bd6
9.cxd5 exd5 10.Nb5 c5 11.Nxd6 Qxd6 12.dxc5 bxc5 13.O-O Nc6 14.Rd1 Rac8 15.b3
Ne5 16.Be2 d4 17.Qf5 Nxf3+ 18.gxf3 Rfe8 19.e4 Ba6 20.Bf4 Qb6 21.Bxa6 Qxa6
22.b4 g6 23.Qh3 Nh5 24.Bh6 Qd6 25.Kh1 c4 26.Rac1 Red8 27.Be3 Nf4 28.Qg4 Ne2
29.Rc2 d3 30.Rcd2 Nd4 31.Bg5 f6 32.Bf4 Qe6 33.Qg2 Nb3 {#r} 1-0

[Event "Ch France (team) (nat.2) 2006/07"]
[Site "masterchessopen.com France"]
[Date "2007.02.11"]
[Round "7"]
[White "Blot Jerome (FRA)"]
[Black "Monroy Charles (FRA)"]
[Result "0-1"]
[WhiteElo "2326"]
[BlackElo "2368"]

1.d4 Nf6 2.c4 e6 3.Nc3 Bb4 4.e3 O-O 5.Ne2 Re8 6.a3 Bf8 7.Ng3 d5 8.Bd3 b6 9.O-O
c5 10.cxd5 exd5 11.dxc5 bxc5 12.b3 Bb7 13.Bb2 Nbd7 14.Rc1 Rb8 15.Qc2 Bc6
16.Rb1 Qb6 17.Ba1 Qb7 18.Nce2 d4 19.b4 cxb4 20.Nxd4 Bxg2 21.Rfe1 Ne5 22.axb4
Nxd3 23.Qxd3 Ne4 24.Ndf5 Ng5 25.f3 Nxf3+ 26.Kf2 Ng5 27.e4 Bxe4 28.Nxe4 Rxe4
29.Rxe4 Nxe4+ 30.Ke2 Re8 31.Ne3 Qb8 32.Rg1 Qxh2+ 33.Rg2 Qxg2+ 34.Nxg2 Nc5+
35.Qe3 Rxe3+ 36.Nxe3 Na6 {#R} 0-1

[Event "Ch Romania"]
[Site "masterchessopen.com Amara (Romania)"]
[Date "2007.02.16"]
[Round "3"]
[White "Stoicescu Horia (ROM)"]
[Black "Ionita Gheorghe (ROM)"]
[Result "1-0"]
[WhiteElo "2062"]
[BlackElo "1823"]

1.d4 Nf6 2.c4 e6 3.Nc3 Bb4 4.e3 O-O 5.Ne2 d5 6.a3 Bxc3+ 7.Nxc3 Nbd7 8.cxd5
exd5 9.Qf3 Nb6 10.h3 a6 11.Bd3 c6 12.O-O Nc4 13.e4 dxe4 14.Nxe4 Qxd4 15.Nxf6+
gxf6 16.Bxc4 Qxc4 17.Bh6 Qc2 18.Bxf8 Kxf8 19.Qxf6 Qg6 20.Qd8+ Kg7 21.Kh2 h5
22.Rae1 c5 23.Qd5 Rb8 24.Qe5+ {#r} 1-0

[Event "It (cat.9)"]
[Site "masterchessopen.com Guingamp (France)"]
[Date "2007.02.17"]
[Round "2"]
[White "Le Roux Jean-Pierre (FRA)"]
[Black "Oleksienko Mikhailo (UKR)"]
[Result "0-1"]
[WhiteElo "2477"]
[BlackElo "2587"]

1.d4 Nf6 2.c4 e6 3.Nc3 Bb4 4.e3 O-O 5.Ne2 Re8 6.a3 Bf8 7.e4 d5 8.e5 Nfd7
9.cxd5 exd5 10.b4 a5 11.b5 c5 12.bxc6 bxc6 13.g3 c5 14.Bg2 cxd4 15.Nxd4 Nxe5
16.O-O Bg4 17.Qb3 Bc5 18.Be3 Bxd4 19.Bxd4 Nf3+ 20.Bxf3 Bxf3 21.Nb5 Be2 22.Rfc1
Bc4 23.Rxc4 dxc4 24.Qc3 Nc6 25.Bxg7 Qg5 26.Bf6 Qxb5 27.Qf3 h5 28.Bc3 Re6 29.a4
Qg5 {#R} 0-1

[Event "It (open) Aeroflot"]
[Site "masterchessopen.com Moscow (Russia)"]
[Date "2007.02.22"]
[Round "9"]
[White "Volkov Sergey Viktorovich (RUS)"]
[Black "Balogh Csaba (HUN)"]
[Result "1-0"]
[WhiteElo "2648"]
[BlackElo "2562"]

{ Volkov Sergey Viktorovich (RUS) +5 =11 -1 Balogh Csaba (HUN) +1 =1 -0 } 1.d4
Nf6 2.c4 e6 3.Nc3 Bb4 4.e3 O-O 5.Ne2 d5 6.a3 Bd6 7.Ng3 ( 7.c5 Be7 8.b4 b6
9.Nf4 a5 10.Bd2 c6 11.Be2 Nbd7 12.Nd3 Ba6 13.O-O Qc7 14.cxb6 Nxb6 15.bxa5 Nc4
16.Nb4 Bb5 17.a6 Bxb4 18.Nxb5 cxb5 19.Bxb4 Rfb8 20.a4 Rxa6 21.axb5 Rxa1
22.Qxa1 Rxb5 23.Qa4 Rb8 24.Rc1 Qd7 25.Qb3 Qd6 26.Bxd6 Rxb3 { ...1/2-1/2,
Volkov Sergey Viktorovich 2628 - Khairullin Ildar 2538 , Tomsk 10. 9.2006 Ch
Russia } ) 7...c5 ( 7...c6 8.c5 Be7 9.f4 b6 10.b4 a5 11.Bd2 Nfd7 12.Be2 Ba6
13.O-O f5 14.Qc2 Bxe2 15.Ngxe2 Qc8 16.Rfb1 Qa6 17.Nc1 a4 18.b5 cxb5 19.c6 Nxc6
20.Nxd5 exd5 21.Qxc6 Nf6 22.Nd3 b4 23.Nxb4 Bxb4 24.Qe6+ Rf7 25.Bxb4 Re8
26.Qxf5 Rxe3 27.Rc1 { ...0-1, Bu Xiangzhi 2570 - Aleksandrov Aleksej 2591 ,
St. Petersburg 2000 Memorial A.Petrov (open) } ) ( 7...b6 8.Bd3 dxc4 9.Bxc4
Bb7 10.O-O Nbd7 11.Qe2 Bxg3 12.hxg3 e5 13.b4 Qe7 14.Rd1 exd4 15.Rxd4 Ne5
16.Bb2 Nxc4 17.Qxc4 Rfd8 18.Nb5 Rxd4 19.Bxd4 c6 20.Nc3 Nd7 21.Ne2 c5 22.Bc3
Qe4 23.Qxe4 Bxe4 24.f3 Bc6 25.e4 f6 26.Kf2 Kf7 27.Rd1 { ...0-1, Vezzosi Paolo
2401 - Huebner Robert Dr 2612 , Switzerland 2001 Ch Switzerland (team) 2001 }
) 8.dxc5 Bxc5 { = } 9.b4 Bb6 ( 9...Be7 10.Bb2 a5 11.b5 dxc4 12.Bxc4 Nbd7
13.Be2 Nb6 14.Qb3 e5 15.O-O Be6 16.Qc2 Re8 17.Rfd1 { 1/2-1/2, Aronian Levon
2675 - Pelletier Yannick 2589 , Calvia 26.10.2004 Olympiad } ) 10.Na4 ( 10.Bb2
Nc6 11.Be2 d4 12.exd4 Nxd4 13.O-O e5 14.c5 Bc7 15.Nb5 Nxb5 16.Bxb5 Ng4 17.Qxd8
Rxd8 18.h3 Nh6 19.Rfe1 f6 20.Bc4+ Kf8 21.Rad1 Nf5 22.Rxd8+ Bxd8 23.Rd1 Ke7
24.Nxf5+ Bxf5 25.Bd5 Rb8 26.g4 Bc2 27.Re1 Kd7 28.Re2 Ba4 29.Be4 h6 { ...0-1,
Rodriguez Gonzales Jesus 2355 - Bisguier Arthur B 2256 , Leipzig 1960 Olympiad
} ) ( 10.c5 Bc7 11.Bb2 Nc6 12.Bd3 e5 13.O-O e4 14.Be2 Be6 15.Nb5 Bb8 16.Nd4
Nd7 17.Rc1 Nxd4 18.Bxd4 f5 19.c6 bxc6 20.Rxc6 Qe7 21.f4 g6 22.Qb3 Rd8 23.Rfc1
h5 24.b5 Kh7 25.Nh1 Nb6 26.Nf2 Rd6 27.Nh3 Kh6 28.Ng5 Rxc6 29.Rxc6 Bd6 {
...1-0, Piket Jeroen 2624 - Van Baarle C John 2273 , Amsterdam 1984 It "OHRA"
(b) } ) 10...Bc7 11.Bb2 Nc6 12.cxd5 { N } ( 12.Qb3 Ng4 13.Be2 Qh4 14.Bxg4 Qxg4
15.cxd5 exd5 16.Qxd5 a5 17.O-O Be6 18.Qc5 Rad8 19.f3 Qh4 20.f4 f6 21.b5 Rd5
22.Qc4 Rfd8 23.bxc6 b5 24.Qe4 { 1-0, Graf Alexander 2661 - Tischbierek Raj
2477 , Germany 2003 Bundesliga 2003/04 } ) ( 12.Rc1 Qe7 13.cxd5 Nxd5 14.Be2
Rd8 15.Qb3 Nb6 16.Nc5 Nd7 17.Nxd7 Qxd7 18.O-O Bxg3 19.hxg3 a6 20.a4 Qd2 21.b5
Qxe2 22.bxc6 bxc6 23.Rcd1 Rf8 24.Qc3 e5 25.Qxe5 f6 26.Qc3 Be6 27.Ba3 Rfc8
28.Rd4 c5 29.Rd6 Qc4 30.Qa5 h6 31.Rc1 Qb3 { ...1-0, Graf Alexander 2632 -
Ionov Sergey 2510 , Moscow 1991 Ch URS (swiss) } ) 12...exd5 13.Be2 Qe7 {
+0.04 CAP N } ( 13...Re8 14.O-O Ne5 15.Nh5 Nxh5 16.Bxh5 Qd6 17.g3 Bh3 18.Re1
Nc4 19.Bd4 a5 20.Nc3 Qd7 21.Be2 Rad8 22.Bf3 Be6 23.Na4 Qb5 24.Be2 Bc8 25.Qb3
Qd7 26.Red1 Qh3 27.Rac1 Bg4 28.Bxg4 Qxg4 29.Nc3 Qh3 30.Nxd5 Rxd5 31.Qxc4 Rh5
32.Qxc7 Qxh2+ 33.Kf1 { ...1-0, Bekker-Jensen Simon 2393 - Kongsted Halfdan
2245 , Copenhagen 6. 4.2005 It (cat.4) } ) ( 13...Be6 14.Rc1 Ne5 15.Nc5 b6
16.Nxe6 fxe6 17.O-O a5 18.f4 Ned7 19.Bg4 Re8 20.Rc6 axb4 21.axb4 Nf8 22.Bxf6
gxf6 23.Nh5 f5 24.Bxf5 exf5 25.Nf6+ Kh8 26.Nxe8 Qxe8 27.Qd4+ Kg8 28.Qxd5+ Kh8
29.Rxc7 Qxe3+ 30.Kh1 Re8 31.Qf7 { 1-0, Olsson Krister 2350 - Moberg Karl Johan
2390 , Linkoping 1996 Ch Sweden } ) ( 13...Ne5 14.Rc1 Be6 15.Nc5 Rb8 16.O-O
Qe7 17.Nxe6 fxe6 18.e4 Rbc8 19.exd5 exd5 20.Qd4 Nc6 21.Qd3 Be5 22.Bxe5 Nxe5
23.Qb3 Qd7 24.Rxc8 Rxc8 25.Rd1 Kh8 26.Qe3 Qe8 27.Qxa7 Ra8 28.Qxb7 Rxa3 29.h3
Ra8 30.Nf5 Ned7 31.Bb5 Rd8 32.Qc7 Qf8 33.Nd6 { ...1-0, Paramos Dominguez
Roberto 2405 - Teijeiro Barros Alberto 2249 , Nigran 1997 It (open) } ) 14.O-O
Rd8 15.Rc1 d4 16.exd4 Be5 17.dxe5 Rxd1 18.Rfxd1 Ne8 19.b5 Nd8 20.Nc5 Ne6
21.Nce4 Nf4 22.Bf3 Be6 23.Nd6 Rb8 24.Ngf5 Qg5 { ?! } ( 24...Bxf5 { !? }
25.Nxf5 Qe6 26.Ne3 Qb3 27.Rd2 Qxb5 28.g3 Ne6 29.Be2 Qa5 { } ) 25.h4 Nh3+
26.Kf1 Qf4 27.Ne7+ Kf8 28.Nd5 Qh2 29.gxh3 Bxh3+ 30.Ke2 Bg2 31.Rh1 Bxh1 32.Rxh1
{ } {#r} 1-0

[Event "Ch Turkey"]
[Site "masterchessopen.com Ankara (Turkey)"]
[Date "2007.03.04"]
[Round "4"]
[White "Erdogan Hakan (TUR)"]
[Black "Atalik Suat (BIH)"]
[Result "0-1"]
[WhiteElo "2259"]
[BlackElo "2599"]

1.d4 Nf6 2.c4 e6 3.Nc3 Bb4 4.e3 O-O 5.Ne2 d5 6.a3 Be7 7.cxd5 Nxd5 8.e4 Nxc3
9.bxc3 c5 10.g3 cxd4 11.cxd4 b6 12.Bg2 Nc6 13.e5 Bb7 14.O-O Rc8 15.Bd2 Ba6
16.Be3 Bxe2 17.Qxe2 Nxd4 18.Qa6 Nc2 19.Rad1 Qc7 20.Bc1 Bc5 21.Qa4 Bd4 22.Bf4
Qc4 23.Qd7 Rc7 24.Qd6 Rfc8 25.Be3 Bc5 26.Bxc5 Qxc5 27.Rc1 Qxa3 28.Be4 Qa4
29.Rfd1 g6 30.Qd3 Rc3 {#R} 0-1

[Event "Ch Ukraine (juniors) (under 16)"]
[Site "masterchessopen.com Vinnitsa (Ukraine)"]
[Date "2007.03.07"]
[Round "6"]
[White "Ipatov Alexander (ESP)"]
[Black "Golichenko Ilija (UKR)"]
[Result "1-0"]
[WhiteElo "2265"]
[BlackElo "2369"]

1.d4 Nf6 2.c4 e6 3.Nc3 Bb4 4.e3 O-O 5.Ne2 d5 6.a3 Be7 7.cxd5 exd5 8.g3 Bf5
9.Bg2 c6 10.O-O Nbd7 11.f3 Qb6 12.g4 Be6 13.h3 c5 14.f4 cxd4 15.exd4 Nb8 16.f5
Bc8 17.g5 Nfd7 18.Nxd5 Qd8 19.f6 Bd6 20.Bf4 Bxf4 21.Rxf4 Nc6 22.fxg7 Re8
23.Ng3 Ne7 24.Qh5 Ng6 25.Rxf7 Nb6 26.Nf6+ Kxf7 27.Qxh7 Qxd4+ 28.Kh2 {#r} 1-0